| 000 | 00851cam a2200253 4500 | ||
|---|---|---|---|
| 008 | 090401t1995 xxu||||| |||| 00| 0 eng d | ||
| 020 | _a1900030004 | ||
| 035 | _a(Sirsi) u72182 | ||
| 041 | _aeng | ||
| 050 | _a338.436909597 | ||
| 110 |
_aDavis Langdon and Seah International _91665 |
||
| 245 | _aConstruction and development in Vietnam. | ||
| 260 |
_aHong Kong _bDavis Langdon and Seah International _c1995 |
||
| 300 | _a144p. ; 24cm. | ||
| 350 | _a56.5 | ||
| 520 | _aReviews the current situation for the construction industry in Vietnam, including building costs, the state of the property market and case studies. | ||
| 650 | _aBUILT ENVIRONMENT-BUILDING COSTS | ||
| 650 | _aCONSTRUCTION INDUSTRY | ||
| 650 | _aDEVELOPMENT PROCESS | ||
| 650 | _aHANOI | ||
| 690 | _aOVERSEAS-REST OF THE WORLD | ||
| 942 | _n0 | ||
| 948 | _c04/03/1997 | ||
| 999 |
_c95488 _d95488 |
||